01971nam a22002177a 4500003000400000005001700004008004000021020001800061082001800079100002000097245009200117250001800209260004200227300004100269490003500310520110400345650009301449651008501542654010601627700002001733OSt20260428111501.0260428b |||||||| |||| 00| 0 spad a9786287528963 29786287528963 aGiles McCracken aMaestría en odontologíabodontología restauradora, odontopediatría y ortodoncia a4ª Edición aMedellín, Colombia.bAMOLCA c 2023 a360 págbtapa dura c 28.0 x 22.0  3tapa dura x978-628-7528-96-3  aEl objetivo primordial de esta obra técnica consiste en proporcionar un recurso de aprendizaje estructurado y sintético para el perfeccionamiento de las competencias clínicas en las áreas de odontología restauradora, odontopediatría y ortodoncia. El texto se propone facilitar la preparación académica de estudiantes y profesionales ante evaluaciones de suficiencia profesional, integrando la evidencia científica más reciente con la práctica odontológica contemporánea. Mediante una metodología pedagógica basada en objetivos de aprendizaje y secciones de autoevaluación, el libro busca consolidar la capacidad analítica del lector para la resolución de casos clínicos complejos. Asimismo, el autor pretende que el facultativo adquiera un dominio profundo sobre la selección de materiales y la aplicación de técnicas avanzadas, garantizando una atención clínica segura y eficiente. En definitiva, el manual se constituye como una herramienta de referencia fundamental para la formación continua y la excelencia en el ejercicio de la medicina dental 2LegibilidadxCapítulo 1. Periodoncia: Fundamentos del soporte dental y salud gingival. xCapítulo 2. Endodoncia: Tratamiento de la pulpa dental y tejidos periapicales. xCapítulo 3. Odontología conservadora: Técnicas para preservar la estructura natural del diente. aGiles McCracken